| 000 | 00831cam a22002411 4500 | ||
|---|---|---|---|
| 001 | e 43000111 | ||
| 003 | DLC | ||
| 005 | 20260227111231.0 | ||
| 008 | 881109s1943 kyuab s000 0 eng c | ||
| 010 | _ae 43000111 | ||
| 035 | _a(OCoLC)18726601 | ||
| 040 |
_aU.S. Off. of Educ. Library _cMsU _dMsU _dDLC |
||
| 050 | 0 | 0 |
_aL152 _b.B35 vol. 11, no. 3 |
| 082 | _a371.974 | ||
| 100 | 1 |
_aTaylor, Lewis Nelson, _d1873- |
|
| 245 | 1 | 0 | _aNegro education in Kentucky. |
| 260 |
_a[Frankfort] _bDept. of Education _c[1943] |
||
| 300 |
_a[131]-195 p. incl. illus. (map) tables. _c23 cm. |
||
| 490 | 0 |
_aKentucky. Dept. of Education. Educational bulletin ... _vvol. XI, no. 3 |
|
| 500 | _aAt head of title: Commonwealth of Kentucky. | ||
| 500 | _aPrepared by L.N. Taylor. cf. Foreword. | ||
| 650 | 0 |
_aAfrican Americans _xEducation _zKentucky. |
|
| 999 |
_c21930 _d21930 |
||